|
|
|
|
| LEADER |
01935cas a2200241 a 4500 |
| 001 |
AALejournalIMF018447 |
| 008 |
230101c9999 xx r poo 0 0eng d |
| 020 |
|
|
|c 5.00 USD
|
| 020 |
|
|
|z 9781484353851
|
| 022 |
|
|
|a 1934-7685
|
| 040 |
|
|
|a BD-DhAAL
|c BD-DhAAL
|
| 110 |
2 |
|
|a International Monetary Fund.
|b Fiscal Affairs Dept.
|
| 245 |
1 |
0 |
|a Mali :
|b Technical Assistance Report-Public Investment Management Assessment.
|
| 264 |
|
1 |
|a Washington, D.C. :
|b International Monetary Fund,
|c 2018.
|
| 300 |
|
|
|a 1 online resource (71 pages)
|
| 490 |
1 |
|
|a IMF Staff Country Reports
|
| 500 |
|
|
|a <strong>Off-Campus Access:</strong> No User ID or Password Required
|
| 500 |
|
|
|a <strong>On-Campus Access:</strong> No User ID or Password Required
|
| 506 |
|
|
|a Electronic access restricted to authorized BRAC University faculty, staff and students
|
| 520 |
3 |
|
|a This Technical Assistance Report assesses the state of public investment management in Mali. The institutional strength of the public investment management framework is good compared with peer countries. The assessment of the 15 institutions (or components) of the framework pictures generally good scores, at or above average levels for low-income countries in almost all components. There are four exceptions: (1) the institutional framework for public private partnerships is incomplete; (2) there is scope for improvement in accounting and valuation of assets; (3) availability of financing for investments suffers from poor commitment management and cash flow projections; and (4) project assessment is not systematic or comprehensive. These deviations from good practices are being corrected with the implementation of the new legal framework.
|
| 538 |
|
|
|a Mode of access: Internet
|
| 830 |
|
0 |
|a IMF Staff Country Reports; Country Report ;
|v No. 2018/114
|
| 856 |
4 |
0 |
|z Full text available on IMF
|u http://elibrary.imf.org/view/journals/002/2018/114/002.2018.issue-114-en.xml
|z IMF e-Library
|